Tratado de derechos reales : Código Civil y Comercial de la Nación. Ley 26.994. Tomo I /

Guardado en:
Autor Principal: Kiper, Claudio
Formato: Libro
Idioma:Spanish
Publicado: Santa Fe : Rubinzal Culzoni, 2016.
Edición:1a. ed.
Materias:
Etiquetas: Agregar Etiqueta
Sin Etiquetas, Sea el primero en etiquetar este registro!
LEADER 00583nam a22001695a 4500
001 DER.der013117
008 180615s2016####ag#||||||||||||||#||spa||
005 20251020123529.0
245 1 0 |a Tratado de derechos reales :  |n Tomo I /  |b Código Civil y Comercial de la Nación. Ley 26.994.  |c Claudio Kiper. 
250 |a 1a. ed. 
260 |a Santa Fe :  |b Rubinzal Culzoni,  |c 2016. 
300 |a 860 p. 
020 |a 9789873006555 
100 1 |a Kiper, Claudio 
650 7 |a DERECHOS REALES 
859 |a DERECHO  |b BIB. DERECHO  |h 346  |i KIP  |p 007057  |3 Tomo I 
859 |a DERECHO  |b BIB. DERECHO  |h 346  |i KIP  |p 009125  |t 1  |3 Tomo I